Najbardziej górzyste kraje świata - Statystyki

Ogólne statystyki
  • Ten quiz został rozwiązany 184 razy
  • Średni wynik to 4 z 10
Statystyki odpowiedzi
Górzystość Państwo % Poprawnych
80,7% Nepal
93%
98,8% Bhutan
82%
83,6% Szwajcaria
78%
85,8% Armenia
32%
90,7% Kirgistan
32%
91,9% Tadżykistan
32%
89,3% Czarnogóra
17%
90,5% Lesotho
12%
81,1% Liban
10%
85,5% Macedonia Północna
10%
Nie znaleziono quizów pasujących do podanych kryteriów
Rozkład punktacji
Procent ludzi z każdym wynikiem
Percentyl według liczby udzielonych odpowiedzi
Twoja historia wyników
Nie rozwiązałeś tego quizu